000 00753nam a22002890a 4500
001 PT59360
003 AR-LpoUNG
005 20210131231924.0
008 191001s1972||||ag |||||||||||||||||ita d
040 _aAR-LpoUNG
_bspa
_cAR-LpoUNG
_eaacr
041 _aita
044 _aag
082 0 _aA861 557mar
100 1 _aHernández, José
245 1 0 _aIl "gaucho" Martín Fierro e Il ritorno di Martín Fierro
250 _a1ra. ed.
260 _aBahí Blanca :
_bPalumbo,
_c1972.
300 _axv, 118 p. :
_bfot.
650 4 _aARGENTINA
650 4 _aLITERATURA
650 4 _aPOESIA
653 _aLITERATURA ARGENTINA
653 _aPOESIA GAUCHESCA
700 1 _aCrocitto Cuonzo, Giuseppe R.
_etr.
905 _a59360
942 _cLSALA
999 _c12630
_d12630